Per Sant Jordi : descobreix llibres únics / descobreix llibres únics /
Descripción Física:
1 punt de llibre ; il·lustracions ; 23 x 6 cm
Idioma:
Catalán
MARC
| LEADER | 00000nrm a22000007a 4500 | ||
|---|---|---|---|
| 001 | 25015 | ||
| 008 | 211122s2018 spa||||| |||| 00| 0 cat d | ||
| 080 | |a NBM-12-24 | ||
| 110 | |a Barcelona (Catalunya : Província). |b Llibreria |9 52413 | ||
| 245 | |a Per Sant Jordi : |b descobreix llibres únics / |c Llibreria de la Diputació | ||
| 260 | |a Barcelona : |b Diputació de Barcelona, |c 2018 | ||
| 300 | |a 1 punt de llibre ; |b il·lustracions ; |c 23 x 6 cm | ||
| 610 | 0 | |a Barcelona (Catalunya : Província). |b Llibreria |9 52413 | |
| 650 | 0 | |a Diada de Sant Jordi |9 33552 | |
| 655 | 0 | |a Punts de llibre |9 52700 | |
| 942 | |2 udc |c ARXIU |n 1 | ||
| 952 | |0 0 |1 0 |2 udc |4 0 |7 1 |9 60827 |a Arxiu |b Arxiu |d 2021-11-22 |o NBM-12-24 |p 25015 |r 2021-11-22 00:00:00 |w 2021-11-22 |y ARXIU | ||
| 999 | |c 80959 |d 80959 | ||